00470nam a2200169 a 4500008004100000020001500041050001600056100003400072245002800106250001200134260004200146300002000188350000900208500003900217650001500256650002900271120416s1981 ||||||||||||||||| || u a0395296404 aHD 58.7 Dun aDuncan, W. Jack (Walter Jack)10aOrganizational behavior a2nd ed. aBoston, Mass.bHoughton Mifflinc1981 axx, 474p. : ill a0.00 aIncludes bibliographies and index. 0aMANAGEMENT aORGANIZATIONAL BEHAVIOUR